| 000 | 00870nam a22002537a 4500 | ||
|---|---|---|---|
| 999 |
_c14396 _d14396 |
||
| 003 | MIRAKIL | ||
| 005 | 20211214000619.0 | ||
| 008 | 210608b tu ||||| |||| 00| 0 tur d | ||
| 020 | _a9786054927609 | ||
| 040 |
_aTR-AnCHP _cTR-AnCHP |
||
| 041 | _aTur | ||
| 082 |
_a355.0092 _bÇ34t 2014 |
||
| 100 | _aÇelebi, Mehmet Ali | ||
| 245 | 1 | 0 |
_aTeğmen : _bSehven olayı ve bir direnişin öyküsü / _cMehmet Ali Çelebi |
| 246 | _aSehven olayı ve bir direnişin öyküsü | ||
| 260 |
_aİstanbul: _bKırmızı Kedi Yayınları, _c2014. |
||
| 300 |
_a199 s.: _bforg.; _c23 sm. |
||
| 490 | 0 |
_aKırmızı Kedi Yayınları ; _aAnı ; _v346 . _v7. |
|
| 600 | 0 |
_96700 _aÇelebi, Mehmet Ali _xAnılar |
|
| 650 | 0 |
_aSiyaset ve yönetim _xTürkiye _99 |
|
| 650 | 0 |
_95221 _aOrdu ve siyaset _xTürkiye |
|
| 740 | _aSehven olayı ve bir direnişin öyküsü | ||
| 942 |
_2ddc _cBKS |
||